000 00847nam a2200289Ia 4500
001 Para_34
003 CHAP
008 220125s1955 xx 000 0 und d
010 _a198694
040 _cCHAP
090 _aPA FOLLETO 37
100 _aCaballero B., C.
_916540
245 _aEl gusano bellotero /
_c por C. Caballero B., R. Galarza, D. G. de la Garza
260 _aCd. Delicias, Chih. :
_b Patronato para la Investigación, Fomento y Defensa Agricola
300 _a34 p.
410 _aBoletín de divulgación; 4
650 _aHeliothis
_953436
700 _aI. Galarza, R.
_9163978
700 _aII. Garza, D. G. de la
_9163979
901 _aPA FOLLETO 37
902 _aA
905 _a0000071955 mx a 0000000000 00
910 _a1955
942 _cPARA
942 _cPARA
_d1
999 _c198694
_d198694